| 000 | 00283nam a22001337a 4500 | ||
|---|---|---|---|
| 999 |
_c32013 _d32013 |
||
| 003 | Nust | ||
| 005 | 20170113120920.0 | ||
| 008 | 170113b xxu||||| |||| 00| 0 eng d | ||
| 020 | _a0-230-52091-X | ||
| 040 | _cc | ||
| 082 | _a658.2 | ||
| 100 | _aHill | ||
| 245 | _aManufacturing Operations Strategy | ||
| 250 | _a3rd | ||
| 260 |
_aNew York : _bCRC, _c2009. |
||
| 300 |
_a799 p. ; _c24 cm. |
||
| 500 | _aHardcover. | ||
| 942 |
_cBK _2ddc |
||